Регионална библиотека "Любен Каравелов" - Русе

Неизпълнение на договора (Запис номер 178062)

MARC детайли
000 -Лидер
Контролно поле с фиксирана дължина 01573nam a2200361 c 4500
003 - Код на организацията, давaща контролен номер
Контролно поле BLK
005 - Дата и час на последна редакция
Контролно поле 20250218144146.0
008 - Елементи от данни с фиксирана дължина
fixed length control field 180411b bul|||||r ||||||| ||bul||
010 ## - Наследен системен номер
LC control number KNG00186761000
020 ## - Международен стандартен номер на книга ISBN
Международен стандартен номер на книга ISBN 978-954-608-226-8
-- издат.: Труд и право
040 ## - Източник на каталожния запис
Идентификатор на билиотеката - собственик на записа BLK
041 ## - Код за език
Код за езика на текст/звукозапис или на отделно заглавие Български
Код за езика КДБФ Български
072 #7 - Код за тематичната категория
Код организация bullib
Код за тематична категория Н34
Текст Право Н
080 ## - УДК
Текстов определител УДК Облигационно право. Задължения, договори, споразумения
УДК код - определител по УДК 347.4
УДК определител
УДК - код + определител 347.4
100 1# - Редна дума - Автор
Автор Голева, Поля Неделчева
Авторска отговорност първи автор
R(LIN) 248221
139 ## - Редно поле
Редна дума Неизпълнение на договора
Авторски знак Неи - Н 47
245 10 - Сведения за заглавието
Заглавие Неизпълнение на договора
Подзаглавни данни Комент. на нормат. уредба, преглед и анализ на съдебната практика, практ. проблеми
Редно поле (дума) Поля Неделчева Голева.
257 ## - Страна на издаване
Страна на създаване/издаване България
260 ## - Област на издателските данни
-- София
Име на издателя, разпространителя и проч. Труд и право
Година на издаване 2015
Печатница Костинброд : Мултипринт
300 ## - Физическа характеристика
Страници 440 с.
Размери/Мащаб 21 см
380 ## - Жанр
Жанр Обществени науки
500 ## - Общи забележки
Забележка Съдържа и за авт. - Библиогр. под линия.
650 #4 - Допълнително описание по предмет – тема
Основно описание – тема или топоним Договори - правни въпроси
9 (RLIN) 252500
653 ## - Ключова дума – ненормативна
Ключова дума договорно право
653 ## - Ключова дума – ненормативна
Ключова дума договори
659 ## - Тематичен бюлетин
Тематичен бюлетин Н
852 ## - Местоположение
Форматна сигнатура Цб 279700
856 4# - Електронен адрес и достъп
Електронен формат pdf - файл
Път до файла /url/
856 4# - Електронен адрес и достъп
Електронен формат pdf - файл
Път до файла /url/
942 ## - АРТИКУЛИ
Вид на библиотечния материал Книги
Скрит в OPAC Не
Koha issues (borrowed), all copies 14
944 ## - СЪЗДАВАНЕ И РЕДАКЦИЯ на ЗАПИСА
Създаване/Редакция Създаване
Дата на регистрацията/редакция 01.03.2016
Статус, дата на статуса Минев Младен
Служител, извършил регистрацията/редакцията 30530
944 ## - СЪЗДАВАНЕ И РЕДАКЦИЯ на ЗАПИСА
Създаване/Редакция Редакция
Дата на регистрацията/редакция 14.12.2017
Статус, дата на статуса ф /
Служител, извършил регистрацията/редакцията Людмила_Стоянова
999 ## - СИСТЕМНИ КОНТРОЛНИ НОМЕРА
Koha biblionumber 178062
Koha biblioitemnumber 178062
Наличности
Код за отписване Код за изгубен артикул Код за повреда Коз за рестрикции Код за отдаване Артикулен № Име на библиотеката - собственик Име на библиотеката, в която се намира в момента Статус (Текущо местоположение) Дата на вписване в системата Местоположение - отдел Цена в лева Инвентарен номер Систематично азбучна сигнатура Баркод Номер на екземпляра Цена в евро Служебна бележка Служебен тип на артикула Източник на класификационната схема
  Не е изгубен Не е повреден без рестрикции ползва се в читалня 305953 Регионална библиотека "Любен Каравелов" Русе Регионална библиотека "Любен Каравелов" Русе Хранилище 2016-03-02 Хранилище 36.00 120000798489 Цб 279700 120000798489 1 18.41 Дост: Dp Вид: Д N: 5 Дата: 20.01.2016 Книги  
  Не е изгубен Не е повреден без рестрикции ползва се в читалня 305954 Регионална библиотека "Любен Каравелов" Русе Регионална библиотека "Любен Каравелов" Русе Читалня 2016-10-06 Читалня 36.00 120000804380 Ч 347/Н 47 120000804380 2 18.41 Дост: DA Вид: А N: 35 Дата: 06.10.2016 Дата инв: 14.03.2017 Бележки инв: Ч2017 Книги  
Изтеглен Не е изгубен Не е повреден без рестрикции заемане за дома 305955 Регионална библиотека "Любен Каравелов" Русе Регионална библиотека "Любен Каравелов" Русе Заемна - подръчен фонд 2016-10-06 Заемна - подръчен фонд 36.00 120000804381 П 347/Н 47 120000804381 3 18.41 Дост: DA Вид: А N: 35 Дата: 06.10.2016 Дата инв: 05.02.2018 Бележки инв: П2018 Книги Universal Decimal Classification
  Не е изгубен Не е повреден без рестрикции заемане за дома 305956 Регионална библиотека "Любен Каравелов" Русе Регионална библиотека "Любен Каравелов" Русе Заемна - подръчен фонд 2016-10-06 Заемна - подръчен фонд 36.00 120000804483 П 347/Н 47 120000804483 4 18.41 Дост: DA Вид: А N: 35 Дата: 06.10.2016 Книги Universal Decimal Classification
  Не е изгубен Не е повреден без рестрикции заемане за дома 305957 Регионална библиотека "Любен Каравелов" Русе Регионална библиотека "Любен Каравелов" Русе Заемна - подръчен фонд 2017-11-29 Заемна - подръчен фонд 36.00 120000817506 П 347/Н 47 120000817506 5 18.41 Дост: DA Вид: А N: 41 Дата: 29.11.2017 Дата инв: 05.02.2018 Бележки инв: П2018 Книги  
Vip Innovations Ltd, Rousse, Bulgaria 2025